| Tag |
First Indicator |
Second Indicator |
Subfields |
| LEADER |
00000pam a2200000 i 4500 |
| 001 |
in00000037893 |
| 005 |
20151007080709.0 |
| 008 |
790104s1979 nyua b 00110 eng |
| 010 |
|
|
|a 78032068
|
| 020 |
|
|
|a 0470266562
|
| 035 |
|
|
|a (OCoLC)04593421
|
| 035 |
|
|
|9 AAF5229AM
|
| 040 |
|
|
|a DLC
|c DLC
|d TXA
|d UtOrBLW
|
| 049 |
|
|
|a TXAM
|c [1159502]
|
| 050 |
0 |
0 |
|a T60.8
|b .M85
|
| 082 |
0 |
|
|a 658.31/42
|
| 100 |
1 |
|
|a Mumford, Enid.
|
| 245 |
1 |
0 |
|a Computer systems in work design--the ETHICS method :
|b effective technical and human implementation of computer systems : a work design exercise book for individuals and groups /
|c Enid Mumford and Mary Weir.
|
| 264 |
|
1 |
|a New York :
|b Wiley,
|c 1979.
|
| 300 |
|
|
|a viii, 314 pages :
|b illustrations ;
|c 23 cm.
|
| 336 |
|
|
|a text
|b txt
|2 rdacontent
|
| 337 |
|
|
|a unmediated
|b n
|2 rdamedia
|
| 338 |
|
|
|a volume
|b nc
|2 rdacarrier
|
| 500 |
|
|
|a "A Halsted Press book."
|
| 500 |
|
|
|a Includes index.
|
| 504 |
|
|
|a Bibliography: pages [310]-312.
|
| 650 |
|
0 |
|a Work design
|x Data processing.
|
| 700 |
1 |
|
|a Weir, Mary.
|
| 999 |
|
|
|a MARS
|
| 999 |
f |
f |
|s 5fda0dd9-5e9e-3f7f-9905-4ffff5801819
|i 2f08f95a-2269-3f73-addf-17f2db0ce9bc
|t 0
|
| 952 |
f |
f |
|p ric
|a Texas A&M University
|b Rellis Campus
|c Joint Library Facility
|d Remote Storage
|t 0
|e T60.8 .M85
|h Library of Congress classification
|i unmediated -- volume
|m A14805272714
|
| 998 |
f |
f |
|a T60.8 .M85
|t 0
|l Remote Storage
|